000 00609nam a2200133Ia 4500
008 200928s9999 xx 000 0 und d
020 _a978-971-9676-18-8
100 _aCalicdan, Antonio V.
245 _cAntonio V. Calicdan, Robert G. Sison, Melanie B. Coronongan, Arlene B. Kon-ek, Juliet L. Abad, Gwendaly R. Cruz.--
_aPhysical Education 3 :
_bBook -2 Individual /Dual sports /
260 _aMalabon City :
_bJimczyville Publicaions
_c2015
300 _avi , 178 pages :
_billustrations ;
_c25 cm.
650 _aPhysical education and training
650 _aPhysical education and training -- study and teaching
999 _c364548
_d364548